000 00461nam a2200181Ia 4500
001 16048
005 20260306170241.0
008 260306t2023||||xx |||||||||||||| ||und||
041 _aESP
082 _a346.53
_bF41
100 _aFernández Cruz, Gastón,
_eAUT
245 0 _aEl daño no patrimonial y el daño moral :
_b(dos ensayos)
260 _c2023
300 _a246 páginas :
_c24 cm.
650 _aGEN
654 _aCDE
942 _cLIB
_dJUS
_fJUS
_2ddc
_n
999 _c16048
_d16048